Statistics for Harold Lloyd Filmography

Click here to take the quiz!

General Stats

  • This quiz has been taken 8 times
    (5 since last reset)
  • The average score is 20 of 216

Answer Stats

TypeYearName% Correct
Film1922Grandma's Boy
50%
Compilation Film1962Harold Lloyd's World of Comedy
50%
Short Film1917Over the Fence
50%
Film1923Safety Last!
50%
Film1928Speedy
50%
Film1947The Sin of Harold Diddlebock
50%
Short Film1918A Gasoline Wedding
25%
Short Film1919A Jazzed Honeymoon
25%
Short Film1917All Aboard
25%
Short Film1921Among Those Present
25%
Short Film1920An Eastern Westerner
25%
Film1921A Sailor-Made Man
25%
Short Film1919A Sammy in Siberia
25%
Short Film1919Ask Father
25%
Short Film1915A Submarine Pirate
25%
Short Film1918Back to the Woods
25%
Short Film1917Bashful
25%
Short Film1919Billy Blazes, Esq.
25%
Short Film1917Bliss
25%
Short Film1919Bumping into Broadway
25%
Short Film1917By the Sad Sea Waves
25%
Short Film1919Captain Kidd's Kids
25%
Short Film1917Clubs Are Trump
25%
Short Film1919Count Your Change
25%
Short Film1923Dogs of War!
25%
Short Film1919Don't Shove
25%
Film1922Dr. Jack
25%
Film1930Feet First
25%
Short Film1918Fireman Save My Child
25%
Short Film1918Follow the Crowd
25%
Film1926For Heaven's Sake
25%
Short Film1919From Hand to Mouth
25%
Film1924Girl Shy
25%
Short Film1919Going! Going! Gone!
25%
Short Film1920Haunted Spooks
25%
Short Film1918Hear 'Em Rave
25%
Short Film1920High and Dizzy
25%
Short Film1920His Royal Slyness
25%
Film1924Hot Water
25%
Short Film1921I Do
25%
Short Film1919I'm on My Way
25%
Short Film1919Just Neighbors
25%
Short Film1915Just Nuts
25%
Short Film1917Lonesome Luke, Messenger
25%
Short Film1918Look Pleasant, Please
25%
Short Film1915Miss Fatty's Seaside Lovers
25%
Film1932Movie Crazy
25%
Short Film1919Never Touched Me
25%
Short Film1921Never Weaken
25%
Short Film1916Next Aisle Over
25%
Short Film1921Now or Never
25%
Short Film1920Number, Please?
25%
Short Film1919Off the Trolley
25%
Short Film1917Pinched
25%
Film1938Professor Beware
25%
Short Film1917Rainbow Island
25%
Short Film1919Ring Up the Curtain
25%
Short Film1918Somewhere in Turkey
25%
Short Film1919Spring Fever
25%
Short Film1918Take a Chance
25%
Short Film1918That's Him
25%
Short Film1917The Big Idea
25%
Film1934The Cat's-Paw
25%
Short Film1918The City Slicker
25%
Short Film1917The Flirt
25%
Film1925The Freshman
25%
Film1927The Kid Brother
25%
Short Film1919The Marathon
25%
Film1936The Milky Way
25%
Short Film1918The Non-Stop Kid
25%
Short Film1918Two-Gun Gussie
25%
Film1929Welcome Danger
25%
Short Film1918Why Pick on Me?
25%
Film1923Why Worry?
25%
Short Film1919Young Mr. Jazz
25%
Short Film1915A Foozle at the Tee Party
0%
Short Film1913A Little Hero
0%
Short Film1915A Mixup for Mazie
0%
Short Film1918An Ozark Romance
0%
Short Film1918Are Crooks Distant?
0%
Short Film1919At the Old Stage Door
0%
Short Film1918Beat It
0%
Short Film1918Bees in His Bonnet
0%
Short Film1919Before Breakfast
0%
Short Film1919Be My Wife
0%
Short Film1915Beyond His Fondest Hopes
0%
Short Film1917Birds of a Feather
0%
Short Film1918Bride and Gloom
0%
Short Film1915Bughouse Bellhops
0%
Short Film1919Chop Suey & Co.
0%
Short Film1915Close-Cropped Clippings
0%
Short Film1919Count the Votes
0%
Short Film1915Court House Crooks
0%
Short Film1919Crack Your Heels
0%
Short Film1913Cupid in a Dental Parlor
0%
Short Film1915Fresh from the Farm
0%
Short Film1915From Italy's Shores
0%
Short Film1917From Laramie to London
0%
Short Film1920Get Out and Under
0%
Short Film1915Giving Them Fits
0%
Short Film1915Great While It Lasted
0%
TV Documentary2017Harold Lloyd: Hollywood's Timeless Comedy Genius
0%
Compilation Film1951Harold Lloyd's Laugh Parade
0%
Short Film1919Heap Big Chief
0%
Short Film1919He Leads, Others Follow
0%
Short Film1918Here Come the Girls
0%
Short Film1918Hey There!
0%
Short Film1913His Chum the Baron
0%
Short Film1919His Only Father
0%
Short Film1918Hit Him Again
0%
Short Film1915Hogan's Romance Upset
0%
Short Film1913Hulda of Holland
0%
Short Film1918It's a Wild Life
0%
Short Film1919Just Dropped In
0%
Short Film1918Kicked Out
0%
Short Film1918Kicking the Gem Out of Germany
0%
Short Film1918Let's Go
0%
Short Film1916Lonesome Luke, Circus King
0%
Short Film1917Lonesome Luke, Lawyer
0%
Short Film1916Lonesome Luke Leans to the Literary
0%
Short Film1916Lonesome Luke Lolls in Luxury
0%
Short Film1917Lonesome Luke Loses Patients
0%
Short Film1917Lonesome Luke, Mechanic
0%
Short Film1917Lonesome Luke on Tin Can Alley
0%
Short Film1917Lonesome Luke, Plumber
0%
Short Film1917Lonesome Luke's Honeymoon
0%
Short Film1917Lonesome Luke's Lively Life
0%
Short Film1917Lonesome Luke's Lovely Rifle
0%
Short Film1915Lonesome Luke, Social Gangster
0%
Short Film1917Lonesome Luke's Wild Women
0%
Short Film1919Look Out Below
0%
Short Film1917Love, Laughs and Lather
0%
Short Film1915Love, Loot and Crash
0%
Short Film1916Luke and the Bang-Tails
0%
Short Film1916Luke and the Bomb Throwers
0%
Short Film1916Luke and the Mermaids
0%
Short Film1916Luke and the Rural Roughnecks
0%
Short Film1916Luke, Crystal Gazer
0%
Short Film1916Luke Does the Midway
0%
Short Film1916Luke Foils the Villain
0%
Short Film1916Luke Joins the Navy
0%
Short Film1916Luke Laughs Last
0%
Short Film1916Luke Locates the Loot
0%
Short Film1916Luke Lugs Luggage
0%
Short Film1916Luke, Patient Provider
0%
Short Film1916Luke Pipes the Pippins
0%
Short Film1916Luke, Rank Impersonator
0%
Short Film1916Luke Rides Roughshod
0%
Short Film1917Luke's Busy Day
0%
Short Film1916Luke's Double
0%
Short Film1916Luke's Fatal Flivver
0%
Short Film1916Luke's Fireworks Fizzle
0%
Short Film1916Luke's Late Lunchers
0%
Short Film1916Luke's Lost Lamb
0%
Short Film1917Luke's Lost Liberty
0%
Short Film1916Luke's Movie Muddle
0%
Short Film1916Luke's Newsie Knockout
0%
Short Film1916Luke's Preparedness Preparations
0%
Short Film1916Luke's Shattered Sleep
0%
Short Film1916Luke's Society Mixup
0%
Short Film1916Luke's Speedy Club Life
0%
Short Film1917Luke's Trolley Troubles
0%
Short Film1916Luke's Washful Waiting
0%
Short Film1916Luke, the Candy Cut-Up
0%
Short Film1916Luke, the Chauffeur
0%
Short Film1916Luke, the Gladiator
0%
Short Film1917Luke Wins Ye Ladye Faire
0%
Short Film1917Move On
0%
Short Film1918Nothing but Trouble
0%
Radio Series1943Old Gold Cigarettes Comedy Theater
0%
Short Film1919On the Fire
0%
Short Film1918On the Jump
0%
Short Film1919Pay Your Dues
0%
Short Film1915Peculiar Patients' Pranks
0%
Short Film1915Pete, the Pedal Polisher
0%
Short Film1918Pipe the Whiskers
0%
Short Film1919Pistols for Breakfast
0%
Short Film1915Ragtime Snap Shots
0%
Short Film1913Rory o' the Bogs
0%
Short Film1915Ruses, Rhymes and Roughnecks
0%
Short Film1914Samson
0%
Short Film1914Sealed Orders
0%
Short Film1918She Loves Me Not
0%
Short Film1918Sic 'Em, Towser
0%
Short Film1919Si, Senor
0%
Short Film1919Soft Money
0%
Short Film1915Some Baby
0%
Short Film1915Spit-Ball Sadie
0%
Short Film1917Step Lively
0%
Short Film1917Stop! Luke! Listen!
0%
Short Film1919Swat the Crook
0%
Short Film1918Swing Your Partners
0%
Short Film1915Terribly Stuck Up
0%
Short Film1919The Dutiful Dub
0%
TV Show1949, 1958The Ed Sullivan Show
0%
Compilation Film1963The Funny Side of Life
0%
Short Film1915The Greater Courage
0%
Short Film1915The Hungry Actors
0%
Short Film1915Their Social Splash
0%
Short Film1918The Lamb
0%
Short Documentary2005The Life and Times of Harold Lloyd
0%
TV Show1954The Linkletter Show
0%
Short Film1916Them Was the Happy Days!
0%
Short Film1913The Old Monk's Tale
0%
Film1914The Patchwork Girl of Oz
0%
Short Film1919The Rajah
0%
Short Film1914The Sandhill Lovers
0%
TV Show1962The Steve Allen Playhouse
0%
Short Film1918The Tip
0%
Short Film1913The Twelfth Juror
0%
Short Film1915Tinkering with Trouble
0%
Short Film1914Twixt Love and Fire
0%
Short Film1918Two Scrambled
0%
Short Film1919Wanted - $5,000
0%
Short Film1917We Never Sleep
0%
Short Film1915Willie Runs the Park
0%

Score Distribution

Percentile by Number Answered

Percent of People with Each Score

Your Score History

You have not taken this quiz since the last reset